| 000 | 00875cab a22002415a 4500 | ||
|---|---|---|---|
| 001 | L156738 | ||
| 008 | 120706e20120306xxkdo f s 000 0 eng d | ||
| 035 | _a(Sirsi) u156738 | ||
| 041 | 0 | _aeng | |
| 100 | 1 | _aWillis, Paul | |
| 245 | 0 | 0 |
_aInfrastructure _bairports |
| 260 | _c2012 | ||
| 490 | 0 |
_aBuilding _v277 (8734) 29 June 2012, 44-49(6) |
|
| 520 | _aLooks at airports in the UK - overview, changes in airport markets, airport operating models, UK aviation investment priorities, aviation sustainability initiatives, regulation of airports in the UK, project management and procurement, and cost model and benchmarks. | ||
| 590 | _aKA | ||
| 651 | 4 |
_aUnited Kingdom _y |
|
| 690 |
_aInfrastructure _96246 |
||
| 690 |
_aConstruction management _96230 |
||
| 690 |
_aProject management _96261 |
||
| 690 |
_aProcurement _96260 |
||
| 700 | 1 | _aRawlinson, Simon | |
| 942 | _n0 | ||
| 999 |
_c84133 _d84133 |
||